Development trusts' ups and downs (Record no. 75912)
[ view plain ]
| 000 -LEADER | |
|---|---|
| fixed length control field | 01110cab a2200181 4500 |
| 001 - CONTROL NUMBER | |
| control field | L131039 |
| 008 - FIXED-LENGTH DATA ELEMENTS--GENERAL INFORMATION | |
| fixed length control field | 050922n2005 000 0 eng u |
| 035 ## - SYSTEM CONTROL NUMBER | |
| System control number | (Sirsi) u131039 |
| 041 0# - LANGUAGE CODE | |
| Language code of text/sound track or separate title | eng |
| 100 1# - MAIN ENTRY--PERSONAL NAME | |
| Personal name | Carpenter, Jamie |
| 245 ## - TITLE STATEMENT | |
| Title | Development trusts' ups and downs |
| 260 ## - PUBLICATION, DISTRIBUTION, ETC. | |
| Date of publication, distribution, etc. | 2005 |
| 490 ## - SERIES STATEMENT | |
| Series statement | Regeneration and Renewal |
| Volume/sequential designation | 16 September 2005,20-25(5) |
| 520 ## - SUMMARY, ETC. | |
| Summary, etc. | Analyses the results of "Development trusts in 2005", the latest annual survey of the Development Trusts Association's membership. Development trusts are independent community-owned and managed enterprises that make profits through assets, property or trading and reinvest them for social benefit. Reports that the sector has growing incomes and assets but still faces a range of challenges including the threat of static or shrinking grant income. Presents brief case studies. Tables cover 15 trusts with big total incomes, 15 of the biggest asset holders, five trusts with big earned income growth and five trusts with big asset growth. |
| 590 ## - LOCAL NOTE (RLIN) | |
| Local note | IKA270905 |
| 690 ## - LOCAL SUBJECT ADDED ENTRY--TOPICAL TERM (OCLC, RLIN) | |
| Topical term or geographic name as entry element | PROPERTY-PROPERTY MANAGEMENT-REGENERATION |
| 942 ## - ADDED ENTRY ELEMENTS (KOHA) | |
| Suppress in OPAC | 0 |
| Withdrawn status | Lost status | Source of classification or shelving scheme | Damaged status | Not for loan | Home library | Current library | Shelving location | Date acquired | Total Checkouts | Full call number | Barcode | Date last seen | Copy number | Price effective from | Koha item type |
|---|---|---|---|---|---|---|---|---|---|---|---|---|---|---|---|
| Dewey Decimal Classification | London | London | Journal article | 22/09/2005 | L131039 | 131039-1001 | 06/08/2019 | 1 | 06/08/2019 | Journal article |